Responses for Show #4315 - Friday, May 9, 2003

2003 Tournament of Champions quarterfinal game 5.

(Donny Osmond: Today the Jeopardy! Clue Crew invades another game show. Can you guess which one?)

Contestants

[<< previous game]

Kyle Hale, a college student from Katy, Texas

Alan Bailey, a playwright and director from Sherman Oaks, California

Eric Floyd, a college student from Calhoun, Georgia

[next game >>]

Jeopardy! Round responses

MOTHER'S DAY
(Alex: Coming up this Sunday.)
TV
MAGAZINES
DISCOVERIES & INVENTIONS
POTENT POTABLES
PYRAMID OF JEOPARDY!
(Donny Osmond: Your time will begin when a Jeopardy! contestant picks this category:)
    $200 18
Mary Shelley

Kyle
    $200 16
Six Feet Under

Kyle
    $200 26
Elle

Alan
    $200 8
light bulbs

Alan
    $200 1
bourbon

Eric
    $200 6
famous architects

Kyle
    $400 19
The Marx Brothers

Alan
    $400 17
the Gilmore Girls

Eric
    $400 27
Better Homes & Gardens

Alan
    $400 12
telephone

Kyle
    $400 2
champagne

Alan
    $400 7
things that are burned

Kyle
    $600 20
Catherine of Aragon

Alan
    $600 23
Night Court

Eric
    $600 28
horse racing

Eric
    $600 13
(Kyle: What is toilet paper?)
[Laughter]

the hand dryer

Kyle
Triple Stumper
    $600 3
Tequila Sunrise

Kyle
    $600 9
Giants

Alan
    $800 21
Sarah

Alan
    $800 24
Tony Shalhoub

Kyle
    $800 29
Prevention

Triple Stumper
    $1,000 14
radar

Kyle
    $800 4
brandy

Eric
    $800 10
things that have a crank

Triple Stumper
    $1000 22
Demeter

Alan
    $1000 25
Roma Downey

Triple Stumper
    $1000 30
Jet

Triple Stumper
    $1000 15
macadam

Alan
    $1000 5
Frangelico

Alan
    $1000 11
things that are strained

Kyle

Scores at the first commercial break (after clue 15):

Eric Alan Kyle
$1,000 $3,200 $3,000

Scores at the end of the Jeopardy! Round:

Eric Alan Kyle
$2,600 $6,600 $4,200

Double Jeopardy! Round responses

20th CENTURY NOVELISTS
FROM MOVIE TO MUSICAL
RECONSTRUCTION
FAMILY MATTERS
ON THE "MA"P
LOCUTION, LOCUTION, LOCUTION
    $400 6
Camus

Kyle
    $400 9
42nd Street

Alan
    $400 19
Tennessee

Kyle
    $400 26
(Alan: What are twins?)

triplets

AlanKyle
    $400 1
Marseille

Kyle
    $400 16
four flusher

Alan
    $800 7
Hesse

Kyle
    $800 10
Some Like It Hot

Alan
    $800 20
Stanton

Eric
    $800 27
(Kyle: What is a father?)

a grandfather

AlanKyle
    $800 2
Madras

Alan
    $800 17
Cat on a Hot Tin Roof

Alan
    $1,500 8
James Joyce

Kyle
    $1200 11
Marty

Alan
    $1200 21
the Ku Klux Klan

Alan
    $1200 28
middle children

Eric
    $1200 3
Majorca

Alan
    $1200 18
lock, stock & barrel

Eric
    $1600 14
John Irving

Eric
    $1600 12
(Kyle: What is "Hush, Hush, Baby Charlotte"?)

Whatever Happened to Baby Jane?

AlanKyle
    $1600 22
Hayes

Kyle
    $1600 29
her birth mother

Triple Stumper
    $1600 4
the Malacca Strait

Eric
    $1,000 24
to cross the Rubicon

Alan
    $2000 15
Carson McCullers

Alan
    $2000 13
Never On Sunday

Alan
    $2000 23
the Freedman's Bureau

Triple Stumper
    $2000 30
first cousin once removed

Triple Stumper
    $2000 5
(Alan: What is the Masai?)
---
(Alex: The river is the [*]. That's how we get the Masai-[*].)

Mara

Alan
Triple Stumper
    $2000 25
(Kyle: What are banshees?)

things that go bump in the night

AlanKyle

Scores at the end of the Double Jeopardy! Round:

Eric Alan Kyle
$9,000 $20,400 $5,300
(lock game)

Final Jeopardy! Round responses

ARCHITECTURAL HISTORY
(Alex: You think of Constantine, you should think of religion. That would have helped you.)
KyleWhat are ?
$5,300
EricWhat is a mausoleum
$9,000
AlanWhat are ?
$0
basilicas

Final scores:

Eric Alan Kyle
$0 $20,400 $0
2nd place: $5,000 if eliminated Automatic semifinalist 3rd place: $5,000 if eliminated

Game dynamics:

Coryat scores:

Eric Alan Kyle
$9,000 $21,000 $4,800
10 R,
0 W
25 R
(including 1 DD),
2 W
16 R
(including 2 DDs),
4 W

Combined Coryat: $34,800

[game clues] [game scores] [suggest correction]

Game tape date: 2003-03-18
The J! Archive is created by fans, for fans. Scraping, republication, monetization, and malicious use prohibited; this site may use cookies and collect identifying information. See terms. The Jeopardy! game show and all elements thereof, including but not limited to copyright and trademark thereto, are the property of Jeopardy Productions, Inc. and are protected under law. This website is not affiliated with, sponsored by, or operated by Jeopardy Productions, Inc. Join the discussion at JBoard.tv.